Možnosti privátní zajištění vězeňského systému deklarované na případu českého vězeňství

Širšie poňatie privatizácie väzníc, analyzuje vhodnosť participácie súkromných partnerov do kľúčových oblastí, ktorými sú bezpečnosť, reedukácia, logistické služby, zamestnávanie a lekárska starostilivosť odsúdených osôb. Vhodnosť outsourcingu v oblasti väzenstva.

Salvato in:
Dettagli Bibliografici
Autore principale: Juříček, Petr
Natura: Capitolo di libro
Lingua:ceco
Soggetti:
Tags: Aggiungi Tag
Nessun Tag, puoi essere il primo ad aggiungerne!!

MARC

LEADER 00000nla a2200000 4500
001 0205716
005 20250721123843.0
041 0 |a cze 
044 |a SK 
245 1 0 |a Možnosti privátní zajištění vězeňského systému deklarované na případu českého vězeňství  |c Petr Juříček 
520 |a Širšie poňatie privatizácie väzníc, analyzuje vhodnosť participácie súkromných partnerov do kľúčových oblastí, ktorými sú bezpečnosť, reedukácia, logistické služby, zamestnávanie a lekárska starostilivosť odsúdených osôb. Vhodnosť outsourcingu v oblasti väzenstva. 
610 2 0 |a politika vnútorná 
610 2 0 |a služba štátna 
610 2 0 |a orgány bezpečnostné 
610 2 0 |a orgány štátne 
610 2 0 |a outsourcing 
610 2 0 |a starostlivosť penitenciárna 
610 2 0 |a výkon trestu odňatia slobody 
610 2 0 |a väznice 
100 1 |a Juříček, Petr